<?xml version="1.0" encoding="UTF-8"?>
<collection xmlns="http://www.loc.gov/MARC21/slim">
 <record>
  <leader>08129cam a2201417 c 4500</leader>
  <controlfield tag="001">349364206</controlfield>
  <controlfield tag="003">DE-627</controlfield>
  <controlfield tag="005">20260422125937.0</controlfield>
  <controlfield tag="007">tu</controlfield>
  <controlfield tag="008">020619s2002    gw ||||| m    00| ||ger c</controlfield>
  <datafield tag="010" ind1=" " ind2=" ">
   <subfield code="a">  2003397330</subfield>
  </datafield>
  <datafield tag="015" ind1=" " ind2=" ">
   <subfield code="a">02,N27,0100</subfield>
   <subfield code="2">dnb</subfield>
  </datafield>
  <datafield tag="015" ind1=" " ind2=" ">
   <subfield code="a">03,A01,1430</subfield>
   <subfield code="2">dnb</subfield>
  </datafield>
  <datafield tag="016" ind1="7" ind2=" ">
   <subfield code="a">964581531</subfield>
   <subfield code="2">DE-101</subfield>
  </datafield>
  <datafield tag="020" ind1=" " ind2=" ">
   <subfield code="a">3487116804</subfield>
   <subfield code="q">brosch.</subfield>
   <subfield code="9">3-487-11680-4</subfield>
  </datafield>
  <datafield tag="035" ind1=" " ind2=" ">
   <subfield code="a">(DE-627)349364206</subfield>
  </datafield>
  <datafield tag="035" ind1=" " ind2=" ">
   <subfield code="a">(DE-603)105404950</subfield>
  </datafield>
  <datafield tag="035" ind1=" " ind2=" ">
   <subfield code="a">(DE-576)100665314</subfield>
  </datafield>
  <datafield tag="035" ind1=" " ind2=" ">
   <subfield code="a">(DE-599)GBV349364206</subfield>
  </datafield>
  <datafield tag="035" ind1=" " ind2=" ">
   <subfield code="a">(OCoLC)722721052</subfield>
  </datafield>
  <datafield tag="035" ind1=" " ind2=" ">
   <subfield code="a">(OCoLC)213355975</subfield>
  </datafield>
  <datafield tag="035" ind1=" " ind2=" ">
   <subfield code="a">(OCoLC)231958411</subfield>
  </datafield>
  <datafield tag="040" ind1=" " ind2=" ">
   <subfield code="a">DE-627</subfield>
   <subfield code="b">ger</subfield>
   <subfield code="c">DE-627</subfield>
   <subfield code="e">rakwb</subfield>
  </datafield>
  <datafield tag="041" ind1=" " ind2=" ">
   <subfield code="a">ger</subfield>
  </datafield>
  <datafield tag="044" ind1=" " ind2=" ">
   <subfield code="c">XA-DE</subfield>
   <subfield code="c">XA-CH</subfield>
   <subfield code="c">XD-US</subfield>
  </datafield>
  <datafield tag="050" ind1=" " ind2="0">
   <subfield code="a">BR334.3</subfield>
  </datafield>
  <datafield tag="084" ind1=" " ind2=" ">
   <subfield code="a">46</subfield>
   <subfield code="2">sdnb</subfield>
  </datafield>
  <datafield tag="084" ind1=" " ind2=" ">
   <subfield code="a">46</subfield>
   <subfield code="a">12</subfield>
   <subfield code="a">63</subfield>
   <subfield code="a">06</subfield>
   <subfield code="2">sdnb</subfield>
  </datafield>
  <datafield tag="084" ind1=" " ind2=" ">
   <subfield code="a">1</subfield>
   <subfield code="2">ssgn</subfield>
  </datafield>
  <datafield tag="084" ind1=" " ind2=" ">
   <subfield code="a">NN 1647</subfield>
   <subfield code="q">BVB</subfield>
   <subfield code="2">rvk</subfield>
   <subfield code="0">(DE-625)rvk/126596:</subfield>
  </datafield>
  <datafield tag="084" ind1=" " ind2=" ">
   <subfield code="a">LH 84250</subfield>
   <subfield code="2">rvk</subfield>
   <subfield code="0">(DE-625)rvk/95291:</subfield>
  </datafield>
  <datafield tag="084" ind1=" " ind2=" ">
   <subfield code="a">BO 5495</subfield>
   <subfield code="q">BVB</subfield>
   <subfield code="2">rvk</subfield>
   <subfield code="0">(DE-625)rvk/14586:</subfield>
  </datafield>
  <datafield tag="084" ind1=" " ind2=" ">
   <subfield code="a">LK 85420</subfield>
   <subfield code="q">BVB</subfield>
   <subfield code="2">rvk</subfield>
   <subfield code="0">(DE-625)rvk/98580:</subfield>
  </datafield>
  <datafield tag="084" ind1=" " ind2=" ">
   <subfield code="a">BP 2200</subfield>
   <subfield code="2">rvk</subfield>
   <subfield code="0">(DE-625)rvk/14948:</subfield>
  </datafield>
  <datafield tag="084" ind1=" " ind2=" ">
   <subfield code="a">BW 14797</subfield>
   <subfield code="2">rvk</subfield>
   <subfield code="0">(DE-625)rvk/17120:11768</subfield>
  </datafield>
  <datafield tag="084" ind1=" " ind2=" ">
   <subfield code="a">NN 1765</subfield>
   <subfield code="2">rvk</subfield>
   <subfield code="0">(DE-625)rvk/126641:</subfield>
  </datafield>
  <datafield tag="084" ind1=" " ind2=" ">
   <subfield code="a">05.31</subfield>
   <subfield code="2">bkl</subfield>
  </datafield>
  <datafield tag="084" ind1=" " ind2=" ">
   <subfield code="a">08.23</subfield>
   <subfield code="2">bkl</subfield>
  </datafield>
  <datafield tag="084" ind1=" " ind2=" ">
   <subfield code="a">11.53</subfield>
   <subfield code="2">bkl</subfield>
  </datafield>
  <datafield tag="084" ind1=" " ind2=" ">
   <subfield code="a">11.55</subfield>
   <subfield code="2">bkl</subfield>
  </datafield>
  <datafield tag="084" ind1=" " ind2=" ">
   <subfield code="a">15.42</subfield>
   <subfield code="2">bkl</subfield>
  </datafield>
  <datafield tag="084" ind1=" " ind2=" ">
   <subfield code="a">20.10</subfield>
   <subfield code="2">bkl</subfield>
  </datafield>
  <datafield tag="090" ind1=" " ind2=" ">
   <subfield code="a">a</subfield>
  </datafield>
  <datafield tag="100" ind1="1" ind2=" ">
   <subfield code="a">Gülpen, Ilonka van</subfield>
   <subfield code="0">(DE-588)1056506296</subfield>
   <subfield code="0">(DE-627)794762913</subfield>
   <subfield code="0">(DE-576)41238616X</subfield>
   <subfield code="4">aut</subfield>
  </datafield>
  <datafield tag="245" ind1="1" ind2="4">
   <subfield code="a">Der deutsche Humanismus und die frühe Reformations-Propaganda 1520 - 1526</subfield>
   <subfield code="b">das Lutherporträt im Dienst der Bildpublizistik</subfield>
   <subfield code="c">Ilonka van Gülpen</subfield>
  </datafield>
  <datafield tag="263" ind1=" " ind2=" ">
   <subfield code="a">Brosch.</subfield>
  </datafield>
  <datafield tag="264" ind1=" " ind2="1">
   <subfield code="a">Hildesheim</subfield>
   <subfield code="a">Zürich [u.a.]</subfield>
   <subfield code="b">Olms</subfield>
   <subfield code="c">2002</subfield>
  </datafield>
  <datafield tag="300" ind1=" " ind2=" ">
   <subfield code="a">517 S.</subfield>
   <subfield code="b">Ill.</subfield>
   <subfield code="c">21 cm</subfield>
  </datafield>
  <datafield tag="336" ind1=" " ind2=" ">
   <subfield code="a">Text</subfield>
   <subfield code="b">txt</subfield>
   <subfield code="2">rdacontent</subfield>
  </datafield>
  <datafield tag="337" ind1=" " ind2=" ">
   <subfield code="a">ohne Hilfsmittel zu benutzen</subfield>
   <subfield code="b">n</subfield>
   <subfield code="2">rdamedia</subfield>
  </datafield>
  <datafield tag="338" ind1=" " ind2=" ">
   <subfield code="a">Band</subfield>
   <subfield code="b">nc</subfield>
   <subfield code="2">rdacarrier</subfield>
  </datafield>
  <datafield tag="490" ind1="1" ind2=" ">
   <subfield code="a">Studien zur Kunstgeschichte</subfield>
   <subfield code="v">144</subfield>
  </datafield>
  <datafield tag="502" ind1=" " ind2=" ">
   <subfield code="a">Zugl.: Frankfurt (Main), Univ., Diss., 2001</subfield>
  </datafield>
  <datafield tag="505" ind1="8" ind2=" ">
   <subfield code="a">Literaturverz. S. 394 - 408</subfield>
  </datafield>
  <datafield tag="583" ind1="1" ind2=" ">
   <subfield code="a">Archivierung/Langzeitarchivierung gewährleistet</subfield>
   <subfield code="f">SSG</subfield>
   <subfield code="x">XA-DE-BW</subfield>
   <subfield code="2">pdager</subfield>
   <subfield code="5">DE-21</subfield>
  </datafield>
  <datafield tag="583" ind1="1" ind2=" ">
   <subfield code="a">Archivierung/Langzeitarchivierung gewährleistet</subfield>
   <subfield code="f">PENI</subfield>
   <subfield code="x">XA-DE-NI</subfield>
   <subfield code="2">pdager</subfield>
   <subfield code="5">DE-35</subfield>
  </datafield>
  <datafield tag="600" ind1="1" ind2="0">
   <subfield code="a">Luther, Martin</subfield>
   <subfield code="d">1483-1546</subfield>
   <subfield code="v">Portraits</subfield>
  </datafield>
  <datafield tag="600" ind1="1" ind2="7">
   <subfield code="0">(DE-588)118575449</subfield>
   <subfield code="0">(DE-627)133813363</subfield>
   <subfield code="0">(DE-576)162061560</subfield>
   <subfield code="a">Luther, Martin</subfield>
   <subfield code="d">1483-1546</subfield>
   <subfield code="2">gnd</subfield>
  </datafield>
  <datafield tag="648" ind1=" " ind2="7">
   <subfield code="a">Geschichte 1520-1526</subfield>
   <subfield code="2">gnd</subfield>
  </datafield>
  <datafield tag="650" ind1=" " ind2="0">
   <subfield code="a">Reformation and art</subfield>
  </datafield>
  <datafield tag="650" ind1=" " ind2="0">
   <subfield code="a">Humanism in art</subfield>
  </datafield>
  <datafield tag="650" ind1="0" ind2="7">
   <subfield code="0">(DE-588)4006627-7</subfield>
   <subfield code="0">(DE-627)106376888</subfield>
   <subfield code="0">(DE-576)208866353</subfield>
   <subfield code="a">Bildnis</subfield>
   <subfield code="2">gnd</subfield>
  </datafield>
  <datafield tag="650" ind1="0" ind2="7">
   <subfield code="0">(DE-588)4048946-2</subfield>
   <subfield code="0">(DE-627)104364165</subfield>
   <subfield code="0">(DE-576)209079851</subfield>
   <subfield code="a">Reformation</subfield>
   <subfield code="2">gnd</subfield>
  </datafield>
  <datafield tag="650" ind1="0" ind2="7">
   <subfield code="0">(DE-588)4212482-7</subfield>
   <subfield code="0">(DE-627)105080446</subfield>
   <subfield code="0">(DE-576)210209690</subfield>
   <subfield code="a">Bildpublizistik</subfield>
   <subfield code="2">gnd</subfield>
  </datafield>
  <datafield tag="650" ind1="0" ind2="7">
   <subfield code="0">(DE-588)4154770-6</subfield>
   <subfield code="0">(DE-627)104535164</subfield>
   <subfield code="0">(DE-576)209813776</subfield>
   <subfield code="a">Flugschrift</subfield>
   <subfield code="2">gnd</subfield>
  </datafield>
  <datafield tag="650" ind1="0" ind2="7">
   <subfield code="0">(DE-588)4076374-2</subfield>
   <subfield code="0">(DE-627)104637161</subfield>
   <subfield code="0">(DE-576)209201711</subfield>
   <subfield code="a">Propaganda</subfield>
   <subfield code="2">gnd</subfield>
  </datafield>
  <datafield tag="650" ind1="0" ind2="7">
   <subfield code="0">(DE-588)4026140-2</subfield>
   <subfield code="0">(DE-627)104483946</subfield>
   <subfield code="0">(DE-576)208965130</subfield>
   <subfield code="a">Humanismus</subfield>
   <subfield code="2">gnd</subfield>
  </datafield>
  <datafield tag="651" ind1=" " ind2="7">
   <subfield code="0">(DE-588)4011882-4</subfield>
   <subfield code="0">(DE-627)104704861</subfield>
   <subfield code="0">(DE-576)208896155</subfield>
   <subfield code="a">Deutschland</subfield>
   <subfield code="2">gnd</subfield>
  </datafield>
  <datafield tag="655" ind1=" " ind2="7">
   <subfield code="a">Hochschulschrift</subfield>
   <subfield code="0">(DE-588)4113937-9</subfield>
   <subfield code="0">(DE-627)105825778</subfield>
   <subfield code="0">(DE-576)209480580</subfield>
   <subfield code="2">gnd-content</subfield>
  </datafield>
  <datafield tag="689" ind1="0" ind2="0">
   <subfield code="d">p</subfield>
   <subfield code="0">(DE-588)118575449</subfield>
   <subfield code="0">(DE-627)133813363</subfield>
   <subfield code="0">(DE-576)162061560</subfield>
   <subfield code="a">Luther, Martin</subfield>
   <subfield code="d">1483-1546</subfield>
   <subfield code="2">gnd</subfield>
  </datafield>
  <datafield tag="689" ind1="0" ind2="1">
   <subfield code="d">s</subfield>
   <subfield code="0">(DE-588)4006627-7</subfield>
   <subfield code="0">(DE-627)106376888</subfield>
   <subfield code="0">(DE-576)208866353</subfield>
   <subfield code="a">Bildnis</subfield>
   <subfield code="2">gnd</subfield>
  </datafield>
  <datafield tag="689" ind1="0" ind2="2">
   <subfield code="d">s</subfield>
   <subfield code="0">(DE-588)4048946-2</subfield>
   <subfield code="0">(DE-627)104364165</subfield>
   <subfield code="0">(DE-576)209079851</subfield>
   <subfield code="a">Reformation</subfield>
   <subfield code="2">gnd</subfield>
  </datafield>
  <datafield tag="689" ind1="0" ind2="3">
   <subfield code="d">s</subfield>
   <subfield code="0">(DE-588)4212482-7</subfield>
   <subfield code="0">(DE-627)105080446</subfield>
   <subfield code="0">(DE-576)210209690</subfield>
   <subfield code="a">Bildpublizistik</subfield>
   <subfield code="2">gnd</subfield>
  </datafield>
  <datafield tag="689" ind1="0" ind2="4">
   <subfield code="a">z</subfield>
   <subfield code="2">gnd</subfield>
   <subfield code="a">Geschichte 1520-1526</subfield>
  </datafield>
  <datafield tag="689" ind1="0" ind2=" ">
   <subfield code="5">DE-101</subfield>
  </datafield>
  <datafield tag="689" ind1="1" ind2="0">
   <subfield code="d">s</subfield>
   <subfield code="0">(DE-588)4048946-2</subfield>
   <subfield code="0">(DE-627)104364165</subfield>
   <subfield code="0">(DE-576)209079851</subfield>
   <subfield code="a">Reformation</subfield>
   <subfield code="2">gnd</subfield>
  </datafield>
  <datafield tag="689" ind1="1" ind2="1">
   <subfield code="d">s</subfield>
   <subfield code="0">(DE-588)4154770-6</subfield>
   <subfield code="0">(DE-627)104535164</subfield>
   <subfield code="0">(DE-576)209813776</subfield>
   <subfield code="a">Flugschrift</subfield>
   <subfield code="2">gnd</subfield>
  </datafield>
  <datafield tag="689" ind1="1" ind2="2">
   <subfield code="d">s</subfield>
   <subfield code="0">(DE-588)4076374-2</subfield>
   <subfield code="0">(DE-627)104637161</subfield>
   <subfield code="0">(DE-576)209201711</subfield>
   <subfield code="a">Propaganda</subfield>
   <subfield code="2">gnd</subfield>
  </datafield>
  <datafield tag="689" ind1="1" ind2="3">
   <subfield code="a">z</subfield>
   <subfield code="2">gnd</subfield>
   <subfield code="a">Geschichte 1520-1526</subfield>
  </datafield>
  <datafield tag="689" ind1="1" ind2=" ">
   <subfield code="5">DE-101</subfield>
  </datafield>
  <datafield tag="751" ind1=" " ind2=" ">
   <subfield code="a">Frankfurt am Main</subfield>
   <subfield code="0">(DE-588)4018118-2</subfield>
   <subfield code="0">(DE-627)106327356</subfield>
   <subfield code="0">(DE-576)208922695</subfield>
   <subfield code="4">uvp</subfield>
  </datafield>
  <datafield tag="787" ind1="0" ind2="8">
   <subfield code="i">Rezension</subfield>
   <subfield code="a">Bernstein, Eckhard, 1938 - </subfield>
   <subfield code="t">[Rezension von: Gülpen, Ilonka van, Der deutsche Humanismus und die frühe Reformations-Propaganda 1520 - 1526, das Lutherporträt im Dienst der Bildpublizistik]</subfield>
   <subfield code="d">2005</subfield>
   <subfield code="w">(DE-627)614064856</subfield>
   <subfield code="w">(DE-576)9614064854</subfield>
  </datafield>
  <datafield tag="787" ind1="0" ind2="8">
   <subfield code="i">Rezensiert in</subfield>
   <subfield code="a">Lorentzen, Tim, 1973 - </subfield>
   <subfield code="t">[Rezension von: Ilonka von Gülpen, Der deutsche Humanismus und die frühe Reformationspropaganda]</subfield>
   <subfield code="d">2003</subfield>
   <subfield code="w">(DE-627)1920101985</subfield>
  </datafield>
  <datafield tag="787" ind1="0" ind2="8">
   <subfield code="i">Rezensiert in</subfield>
   <subfield code="w">(DE-603)183010906</subfield>
  </datafield>
  <datafield tag="830" ind1=" " ind2="0">
   <subfield code="a">Studien zur Kunstgeschichte</subfield>
   <subfield code="v">144</subfield>
   <subfield code="9">144</subfield>
   <subfield code="w">(DE-627)129411310</subfield>
   <subfield code="w">(DE-576)005266378</subfield>
   <subfield code="w">(DE-600)188562-5</subfield>
   <subfield code="x">0175-9558</subfield>
   <subfield code="7">am</subfield>
  </datafield>
  <datafield tag="856" ind1="4" ind2="2">
   <subfield code="u">https://swbplus.bsz-bw.de/bsz100665314rez.htm</subfield>
   <subfield code="m">V:DE-576</subfield>
   <subfield code="v">2005-08-19</subfield>
   <subfield code="3">Rezension</subfield>
   <subfield code="7">1</subfield>
  </datafield>
  <datafield tag="856" ind1="4" ind2="2">
   <subfield code="u">http://www.sehepunkte.de/2003/11/2311.html</subfield>
   <subfield code="m">V:DE-576;X:Sehepunkte</subfield>
   <subfield code="q">text/html</subfield>
   <subfield code="v">20180424113631</subfield>
   <subfield code="3">Rezension</subfield>
   <subfield code="7">1</subfield>
  </datafield>
  <datafield tag="856" ind1="4" ind2="2">
   <subfield code="u">http://scans.hebis.de/HEBCGI/show.pl?10540495_rez.pdf</subfield>
   <subfield code="m">V:DE-576</subfield>
   <subfield code="q">application/pdf</subfield>
   <subfield code="3">Rezension</subfield>
   <subfield code="7">1</subfield>
  </datafield>
  <datafield tag="856" ind1="4" ind2="2">
   <subfield code="u">http://www.h-net.org/review/hrev-a0e5x6-aa</subfield>
   <subfield code="x">Verlag</subfield>
   <subfield code="y">Book review (H-Net)</subfield>
   <subfield code="7">1</subfield>
  </datafield>
  <datafield tag="935" ind1=" " ind2=" ">
   <subfield code="a">mteo</subfield>
   <subfield code="a">RFBW</subfield>
   <subfield code="a">FBGO</subfield>
   <subfield code="a">JALB</subfield>
  </datafield>
  <datafield tag="935" ind1=" " ind2=" ">
   <subfield code="i">sf</subfield>
  </datafield>
  <datafield tag="935" ind1=" " ind2=" ">
   <subfield code="i">Blocktest</subfield>
  </datafield>
  <datafield tag="936" ind1="r" ind2="v">
   <subfield code="a">NN 1647</subfield>
   <subfield code="b">Darstellungen</subfield>
   <subfield code="k">Geschichte</subfield>
   <subfield code="k">Neuere Geschichte</subfield>
   <subfield code="k">Zeitalter der Entdeckungen und der Glaubensspaltung (bis 1648)</subfield>
   <subfield code="k">Renaissance und Humanismus</subfield>
   <subfield code="k">Renaissance und Humanismus nördlich der Alpen</subfield>
   <subfield code="k">Darstellungen</subfield>
   <subfield code="0">(DE-627)1271464675</subfield>
   <subfield code="0">(DE-625)rvk/126596:</subfield>
   <subfield code="0">(DE-576)201464675</subfield>
  </datafield>
  <datafield tag="936" ind1="r" ind2="v">
   <subfield code="a">LH 84250</subfield>
   <subfield code="b">Gestalten der Geschichte</subfield>
   <subfield code="k">Kunstgeschichte</subfield>
   <subfield code="k">Allgemeines. Allgemeine Kunstgeschichte</subfield>
   <subfield code="k">Kunstgeschichte einzelner Gattungen der Kunst</subfield>
   <subfield code="k">Ikonographie, Ikonologie</subfield>
   <subfield code="k">Weltliche Ikonographie</subfield>
   <subfield code="k">Der Mensch</subfield>
   <subfield code="k">Die Stände</subfield>
   <subfield code="k">Gestalten der Geschichte</subfield>
   <subfield code="0">(DE-627)1270642359</subfield>
   <subfield code="0">(DE-625)rvk/95291:</subfield>
   <subfield code="0">(DE-576)200642359</subfield>
  </datafield>
  <datafield tag="936" ind1="r" ind2="v">
   <subfield code="a">BO 5495</subfield>
   <subfield code="b">Humanismus</subfield>
   <subfield code="k">Theologie und Religionswissenschaften</subfield>
   <subfield code="k">Patrologie und Kirchengeschichte</subfield>
   <subfield code="k">Kirchengeschichte nach Perioden</subfield>
   <subfield code="k">Reformation und Gegenreformation (1517-1648)</subfield>
   <subfield code="k">Darstellungen</subfield>
   <subfield code="k">Geistiges Leben</subfield>
   <subfield code="k">Humanismus</subfield>
   <subfield code="0">(DE-627)1270672134</subfield>
   <subfield code="0">(DE-625)rvk/14586:</subfield>
   <subfield code="0">(DE-576)200672134</subfield>
  </datafield>
  <datafield tag="936" ind1="r" ind2="v">
   <subfield code="a">LK 85420</subfield>
   <subfield code="b">Porträt, Karikatur</subfield>
   <subfield code="k">Kunstgeschichte</subfield>
   <subfield code="k">Kunst nach Ländern bzw. Kontinenten</subfield>
   <subfield code="k">Deutschland</subfield>
   <subfield code="k">Deutsche Kunstgeschichte nach Gattungen</subfield>
   <subfield code="k">Zeichnung und Grafik</subfield>
   <subfield code="k">Gegenstände der Zeichnung, Grafik (nicht statisch-ikonographischer Art)</subfield>
   <subfield code="k">Porträt, Karikatur</subfield>
   <subfield code="0">(DE-627)1270642731</subfield>
   <subfield code="0">(DE-625)rvk/98580:</subfield>
   <subfield code="0">(DE-576)200642731</subfield>
  </datafield>
  <datafield tag="936" ind1="r" ind2="v">
   <subfield code="a">BP 2200</subfield>
   <subfield code="b">Reformation</subfield>
   <subfield code="k">Theologie und Religionswissenschaften</subfield>
   <subfield code="k">Evangelische Kirchengeschichte</subfield>
   <subfield code="k">Evangelische Kirchengeschichte Deutschlands</subfield>
   <subfield code="k">Reformation, katholische Reform und Gegenreformation</subfield>
   <subfield code="k">Reformation</subfield>
   <subfield code="0">(DE-627)1272616118</subfield>
   <subfield code="0">(DE-625)rvk/14948:</subfield>
   <subfield code="0">(DE-576)202616118</subfield>
  </datafield>
  <datafield tag="936" ind1="r" ind2="v">
   <subfield code="a">BW 14797</subfield>
   <subfield code="b">Abhandlungen, Studien</subfield>
   <subfield code="k">Theologie und Religionswissenschaften</subfield>
   <subfield code="k">Evangelische Theologie</subfield>
   <subfield code="k">Evangelische Theologiegeschichte</subfield>
   <subfield code="k">Zeitalter der Reformation</subfield>
   <subfield code="k">Autoren</subfield>
   <subfield code="k">Autoren L</subfield>
   <subfield code="k">Luther, Martin</subfield>
   <subfield code="k">Abhandlungen, Studien</subfield>
   <subfield code="0">(DE-627)1270652397</subfield>
   <subfield code="0">(DE-625)rvk/17120:11768</subfield>
   <subfield code="0">(DE-576)200652397</subfield>
  </datafield>
  <datafield tag="936" ind1="r" ind2="v">
   <subfield code="a">NN 1765</subfield>
   <subfield code="b">Einzelbeiträge</subfield>
   <subfield code="k">Geschichte</subfield>
   <subfield code="k">Neuere Geschichte</subfield>
   <subfield code="k">Zeitalter der Reformation (1517 - 1555)</subfield>
   <subfield code="k">Allgemeines</subfield>
   <subfield code="k">Einzelbeiträge</subfield>
   <subfield code="0">(DE-627)1271464810</subfield>
   <subfield code="0">(DE-625)rvk/126641:</subfield>
   <subfield code="0">(DE-576)201464810</subfield>
  </datafield>
  <datafield tag="936" ind1="b" ind2="k">
   <subfield code="a">05.31</subfield>
   <subfield code="j">Öffentlichkeit</subfield>
   <subfield code="x">Kommunikationswissenschaft</subfield>
   <subfield code="0">(DE-627)106419560</subfield>
  </datafield>
  <datafield tag="936" ind1="b" ind2="k">
   <subfield code="a">08.23</subfield>
   <subfield code="j">Philosophie der Renaissance</subfield>
   <subfield code="0">(DE-627)106403680</subfield>
  </datafield>
  <datafield tag="936" ind1="b" ind2="k">
   <subfield code="a">11.53</subfield>
   <subfield code="j">Neuzeitliches Christentum</subfield>
   <subfield code="0">(DE-627)181571498</subfield>
  </datafield>
  <datafield tag="936" ind1="b" ind2="k">
   <subfield code="a">11.55</subfield>
   <subfield code="j">Protestantismus</subfield>
   <subfield code="0">(DE-627)106403907</subfield>
  </datafield>
  <datafield tag="936" ind1="b" ind2="k">
   <subfield code="a">15.42</subfield>
   <subfield code="j">Deutsche Geschichte 1500-1800</subfield>
   <subfield code="0">(DE-627)181569736</subfield>
  </datafield>
  <datafield tag="936" ind1="b" ind2="k">
   <subfield code="a">20.10</subfield>
   <subfield code="j">Kunst und Gesellschaft</subfield>
   <subfield code="0">(DE-627)106406256</subfield>
  </datafield>
  <datafield tag="936" ind1="s" ind2="n">
   <subfield code="a">b100</subfield>
   <subfield code="2">mzub</subfield>
  </datafield>
  <datafield tag="936" ind1="s" ind2="n">
   <subfield code="a">l300</subfield>
   <subfield code="2">mzub</subfield>
  </datafield>
  <datafield tag="936" ind1="s" ind2="n">
   <subfield code="a">n100</subfield>
   <subfield code="2">mzub</subfield>
  </datafield>
  <datafield tag="936" ind1="s" ind2="n">
   <subfield code="a">a300</subfield>
   <subfield code="2">mzub</subfield>
  </datafield>
  <datafield tag="951" ind1=" " ind2=" ">
   <subfield code="a">BO</subfield>
  </datafield>
  <datafield tag="990" ind1=" " ind2=" ">
   <subfield code="a">Luther, Martin</subfield>
  </datafield>
  <datafield tag="990" ind1=" " ind2=" ">
   <subfield code="a">Bildnis</subfield>
  </datafield>
  <datafield tag="990" ind1=" " ind2=" ">
   <subfield code="a">Reformation</subfield>
  </datafield>
  <datafield tag="990" ind1=" " ind2=" ">
   <subfield code="a">Bildpublizistik</subfield>
  </datafield>
  <datafield tag="990" ind1=" " ind2=" ">
   <subfield code="a">Geschichte 1520-1526</subfield>
  </datafield>
  <datafield tag="990" ind1=" " ind2=" ">
   <subfield code="a">Reformation</subfield>
  </datafield>
  <datafield tag="990" ind1=" " ind2=" ">
   <subfield code="a">Flugschrift</subfield>
  </datafield>
  <datafield tag="990" ind1=" " ind2=" ">
   <subfield code="a">Propaganda</subfield>
  </datafield>
  <datafield tag="990" ind1=" " ind2=" ">
   <subfield code="a">Geschichte 1520-1526</subfield>
  </datafield>
  <datafield tag="991" ind1=" " ind2=" ">
   <subfield code="a">Rezensiertes Werk</subfield>
  </datafield>
  <datafield tag="999" ind1=" " ind2=" ">
   <subfield code="a">KXP-PPN349364206</subfield>
   <subfield code="e">4966465125</subfield>
  </datafield>
 </record>
</collection>
